| 000 | 01748cam a22004814i 4500 | ||
|---|---|---|---|
| 003 | PE-LiUPU | ||
| 005 | 20250731172957.0 | ||
| 008 | 150623s1998 miua r 000 0 eng d | ||
| 020 | _a0801022002 | ||
| 035 | _a(Sirsi) i9780801022005 | ||
| 040 |
_aPE-LiUPU _bspa _cPE-LiUPU _erda |
||
| 049 | _aPRUA | ||
| 082 | 0 | 4 |
_a227.066 _bH22 _221 |
| 100 | 1 |
_aHarvey, John D., _eautor. |
|
| 245 | 1 | 0 |
_aListening to the text : _boral patterning in Paul's letters / _cJohn D. Harvey. |
| 264 | 1 |
_aMichigan : _bBaker Books, _c1998. |
|
| 300 |
_a357 páginas : _bilustraciones ; _c23 centímetros. |
||
| 336 |
_atext _2rdacontent |
||
| 337 |
_aunmediated _2rdamedia |
||
| 338 |
_avolume _2rdacarrier |
||
| 490 | 0 | _aEvangelical Theological Society Studies Serie | |
| 504 | _aIncluye bibliografía. | ||
| 505 | 0 | _aOral pattterning in historical perspective -- Oral patterning in antiquity -- Oral patterning in Paul's letters. | |
| 526 | _aSEG42 | ||
| 526 | _aSEG41 | ||
| 526 | _aSEG40 | ||
| 526 | _aSEG39 | ||
| 526 | _aP94 | ||
| 526 | _aP87 | ||
| 526 | _aP86 | ||
| 526 | _aP85 | ||
| 526 | _aP77 | ||
| 526 | _aP76 | ||
| 526 | _aP35 | ||
| 630 |
_aBiblia. _pN.T. _pEpístolas paulinas _xLenguaje y estilo. |
||
| 650 | 0 | 4 |
_aRetórica en la biblia. _95069 |
| 942 |
_2ddc _cBOOK |
||
| 949 |
_a227.066 H22 _wDEWEY _c1 _i45376 _d2016-11-9 _e2016-11-6 _lCCODEBUL1 _mBUL _n2 _r0 _sY _tBOOK _u2015-6-24 _xTEOLOGIA _PP35 _0COMPRA _o.STAFF. Colección General |
||
| 994 |
_aC0 _bPEPRU |
||
| 596 | _a1 | ||
| 999 |
_a227.066 H22 _wDEWEY _c22241 _i45376 _d22241 _e2016-11-6 _f2021-11-9 _g5 _lCCODEBUL1 _mBUL _n2 _p11.72 _r0 _sY _tBOOK _u2015-6-24 _xTEOLOGIA _PP35 _0COMPRA _o.STAFF. Colección Teología |
||
| 980 |
_81 _gALBERTO SANCHEZ Responsable de Automatización |
||